'F' and 'G' Baby Names Throwback - 1989 Quiz Stats

 Plays Quiz not verified by Sporcle

Also try: Fruit or Antelope?
Challenge
Share
Tweet
Embed
Score 0/89 Timer 10:00
0 Plays Today
% Correct
Frank
95.8%
Fred
90%
Frances
89.4%
Francis
89.3%
George
84.4%
Frederick
84.1%
Grace
82.3%
Greg
81.5%
Gregory
80.9%
Gabriel
79.8%
Gabriella
76.9%
Gary
76.8%
Gabrielle
76.2%
Gina
73.2%
Georgia
71.2%
Gerald
65.7%
Faith
65.3%
Glen
64.8%
Gavin
63.9%
Freddie
62.9%
Francesca
62.9%
Glenn
61.4%
Gloria
61.3%
Gabriela
61.1%
Grant
60.8%
Franklin
59.7%
Gene
59.6%
Frankie
58.8%
Freddy
58.6%
Felicia
58.6%
% Correct
Garret
58.2%
Gordon
54%
Garrett
53.8%
Grayson
50.6%
Glenda
50.6%
Georgina
50.2%
Gillian
49.4%
Gwendolyn
48.8%
Francisco
48.4%
Geoffrey
47.3%
Fredrick
46.3%
Geraldine
44.8%
Fernando
44.7%
Gianna
44.5%
Felix
44.4%
Garry
43.3%
Graham
42.4%
Gretchen
41.6%
Gladys
40.6%
Gilbert
40.4%
Genevieve
40.4%
Fabian
38.6%
Giovanni
37.6%
Fatima
34%
Giselle
33.5%
Gerard
32%
Floyd
30.7%
Grady
30.7%
Ginger
29.7%
Gage
29.4%
% Correct
Gregg
28.8%
Guy
28.2%
Felipe
27.7%
Forrest
26%
Fallon
23.4%
Francesco
22.8%
Garrison
21.4%
Griffin
21.3%
Gilberto
19.8%
Federico
18.8%
Genesis
18.4%
Felisha
18.3%
Geneva
18.3%
Gerardo
18.2%
Graciela
17.8%
Galen
17.7%
Gino
17.5%
Gustavo
17.4%
Gregorio
14.2%
Guillermo
13.1%
German
13.1%
Griselda
11.3%
Felecia
9.4%
Guadalupe
9%
Guadalupe
9%
Fabiola
7.8%
Fidel
7.1%
Garrick
6%
Gonzalo
3.8%

You're not logged in!

Compare scores with friends on all Sporcle quizzes.
Join for Free
OR
Log In

You Might Also Like...

Show Comments

Extras

Top Quizzes Today


Score Distribution

Your Account Isn't Verified!

In order to create a playlist on Sporcle, you need to verify the email address you used during registration. Go to your Sporcle Settings to finish the process.

Report this User

Report this user for behavior that violates our Community Guidelines.

Details: